Through the house give glimmering light : op. 39, no. 3, for SSAA chorus a cappella /

Bibliographic Details
Main Author: Beach, Amy, 1867-1944
Other Authors: Lycan, Mary, Shakespeare, William, 1564-1616
Format: Musical Score Book
Language:English
Published: Chapel Hill : Treble Clef Music Press, [1995]
Subjects:

MARC

Tag First Indicator Second Indicator Subfields
LEADER 00000ccm a2200000Ia 4500
001 in00001544591
005 20191012063453.0
008 991008s1995 ncu n eng d
028 2 2 |a TC-106  |b Treble Clef Music Press 
035 |a (OCoLC)ocm42602035 
040 |a NOC  |c NOC  |d TXA  |d UtOrBLW 
049 |a TXAM 
090 |a M1600.B35  |b T4 1995 
100 1 |a Beach, Amy,  |d 1867-1944. 
240 1 0 |a Shakespeare choruses.  |p Through the house give glimmering light 
245 1 0 |a Through the house give glimmering light :  |b op. 39, no. 3, for SSAA chorus a cappella /  |c music by Amy Beach ; edited by Mary Lycan ; text by William Shakespeare. 
264 1 |a Chapel Hill :  |b Treble Clef Music Press,  |c [1995] 
264 4 |c ©1995 
300 |a 1 score (7 pages) ;  |c 28 cm. 
336 |a notated music  |b ntm  |2 rdacontent 
337 |a unmediated  |b n  |2 rdamedia 
338 |a volume  |b nc  |2 rdacarrier 
500 |a Includes keyboard part for rehearsal only. 
500 |a Caption title. 
500 |a "A Midsummer Night's Dream 5.1". 
650 0 |a Choruses, Secular (Women's voices, 4 parts), Unaccompanied. 
600 1 0 |a Shakespeare, William,  |d 1564-1616  |v Musical settings. 
650 0 |a Music by women composers. 
700 1 |a Lycan, Mary. 
700 1 |a Shakespeare, William,  |d 1564-1616. 
994 |a E0  |b TXA 
948 |a cataloged  |b h  |c 2000/6/7  |d c  |e fpiscitelli  |f 7:22:50 pm 
999 |a MARS 
999 f f |s b4359bd2-effe-3b32-9dfa-10c006739278  |i 16c4ce24-8145-3915-b85c-6ecf6b56a762  |t 0 
952 f f |p ric  |a Texas A&M University  |b Rellis Campus  |c Joint Library Facility  |d Remote Storage  |t 0  |e M1600.B35 T4 1995  |h Library of Congress classification  |i unmediated -- volume  |m A14826249213 
998 f f |a M1600.B35 T4 1995  |t 0  |l Remote Storage